Viajes al sur y colonización /
Guardado en:
| Autor Corporativo: | |
|---|---|
| Formato: | |
| Series: | Europa explora las Américas
|
| Materias: | |
| Etiquetas: |
Agregar Etiqueta
Sin Etiquetas, Sea el primero en etiquetar este registro!
|
| LEADER | 01168ngm a22003255g 4500 | ||
|---|---|---|---|
| 001 | CEM.cems021803 | ||
| 008 | 130507b1993##################0###0#####d | ||
| 005 | 20240913141802.0 | ||
| 245 | 1 | 0 | |a Viajes al sur y colonización / |c Videopedia Britannica |
| 300 | |a 15 | ||
| 490 | 0 | |a Europa explora las Américas | |
| 500 | |a En soporte VHS, consultar en ventanilla. | ||
| 505 | 0 | |a México precolombino y actual. Los aztecas y los incas. Organización de estos imperios. Las tribus caribeñas. Los exploradores. La cincunnavegación del mundo. Tenochtitlán. La "noche triste". El mestizaje. Las epidemias. | |
| 538 | |a Soporte: VHS - Norma: Pal N - Color - Grabación DRD 1993 - Hitachi=3762 | ||
| 110 | 2 | |a Videopedia Britannica. | |
| 082 | 9 | 4 | |. 2/VID-2 |
| 653 | |a HISTORIA | ||
| 653 | |a EUROPA | ||
| 653 | |a AMERICA | ||
| 653 | |a MEXICO | ||
| 653 | |a AZTECAS | ||
| 653 | |a EXPLORADORES | ||
| 653 | |a INCAS | ||
| 653 | |a PRECOLOMBINO | ||
| 653 | |a AMERICA-HISTORIA | ||
| 653 | |a MEXICO-HISTORIA | ||
| 653 | |a EPIDEMIAS | ||
| 653 | |a NIVEL PRIMARIO | ||
| 653 | |a NIVEL SECUNDARIO | ||
| 859 | |a CEMS |b BIB. CEMS - Depto. Recursos Didacticos |h 940.2 |i VID-2 |k DRD |p 446.12 |t Ej.1 | ||
